Statistics for Countries with the most Premier League players

Click here to take the quiz!

General Stats

  • This quiz has been taken 33 times
  • The average score is 31 of 35

Answer Stats

HintAnswer% Correct
731England
100%
224France
100%
74Germany
100%
187Ireland
100%
83Portugal
100%
424Scotland
100%
158Spain
100%
49U.S.A
100%
306Wales
100%
71Argentina
97%
91Brazil
97%
78Italy
97%
136Netherlands
97%
69Norway
97%
69Sweden
97%
20Turkey
97%
59Belgium
94%
70Denmark
94%
25Croatia
90%
159Northern Ireland
90%
21Poland
90%
53Australia
87%
20Colombia
87%
51Nigeria
87%
28Greece
84%
32Switzerland
84%
31Cameroon
81%
27Czechia
77%
28Ghana
77%
40Senegal
74%
30Serbia
74%
19Slovakia
68%
20Morocco
65%
36Cote D'Ivoire
58%
52Jamaica
35%

Score Distribution

Percentile by Number Answered

Percent of People with Each Score

Your Score History

You have not taken this quiz